Benchmark: FMB state of trade survey Q2 (Record no. 75640)

MARC details
000 -LEADER
fixed length control field 00636cab a2200169 4500
001 - CONTROL NUMBER
control field L130474
008 - FIXED-LENGTH DATA ELEMENTS--GENERAL INFORMATION
fixed length control field 050803n2005 000 0 eng u
035 ## - SYSTEM CONTROL NUMBER
System control number (Sirsi) u130474
041 ## - LANGUAGE CODE
Language code of text/sound track or separate title eng
245 ## - TITLE STATEMENT
Title Benchmark: FMB state of trade survey Q2
260 ## - PUBLICATION, DISTRIBUTION, ETC.
Date of publication, distribution, etc. 2005
490 ## - SERIES STATEMENT
Series statement Contract Journal
Volume/sequential designation 429(6535) 27 July 2005, 11(1)
520 ## - SUMMARY, ETC.
Summary, etc. Further statistics on the construction slowdown with the "State of trade survey" second quarter from the Federation of Master Builders. Includes labour shortage, workload forecast and workload actual.
590 ## - LOCAL NOTE (RLIN)
Local note IKA160805
690 ## - LOCAL SUBJECT ADDED ENTRY--TOPICAL TERM (OCLC, RLIN)
Topical term or geographic name as entry element BUILT ENVIRONMENT-CONSTRUCTION MARKET
942 ## - ADDED ENTRY ELEMENTS (KOHA)
Suppress in OPAC 0
Holdings
Withdrawn status Lost status Source of classification or shelving scheme Damaged status Not for loan Home library Current library Shelving location Date acquired Total Checkouts Full call number Barcode Date last seen Copy number Price effective from Koha item type
    Dewey Decimal Classification     London London Journal article 03/08/2005   L130474 130474-1001 06/08/2019 1 06/08/2019 Journal article